|
|
|
|
| LEADER |
00000cam a2200000 a 4500 |
| 001 |
vtls011614554 |
| 003 |
SK-MaSNL |
| 005 |
20260301221352.0 |
| 008 |
200316s2016 xo o g f 000 0 slo |
| 015 |
|
|
|a SNBA2017/04
|
| 020 |
|
|
|a 9788097248475
|q (brož.)
|
| 035 |
|
|
|a urn:nbn:sk:snk-am00djfu
|
| 035 |
|
|
|a urn:nbn:sk:snk-am3i462
|
| 035 |
|
|
|a C093897D-6836-437F-9AE6-ECD66DB14638
|
| 040 |
|
|
|a SNK
|b slo
|c SNK
|e AACR2
|
| 041 |
0 |
|
|a slo
|
| 044 |
|
|
|a xo
|c SK
|
| 072 |
|
7 |
|a 641
|x Kuchárstvo. Potraviny. Varené jedlá
|2 konspekt
|
| 080 |
|
|
|a 641.55
|2 2011
|
| 080 |
|
|
|a 613.2
|2 2011
|
| 080 |
|
|
|a (083.12)
|2 2011
|
| 080 |
|
|
|a (035)
|2 2011
|
| 100 |
1 |
|
|a Wagnerová, Lucia
|4 aut
|4 pht
|9 319820
|
| 245 |
1 |
0 |
|a Fit recepty
|b [cíť sa skvelo, navar si sexy telo! : až 150 receptov]
|n 3. diel
|c Lucia Wagnerová
|
| 250 |
|
|
|a 1. vyd.
|
| 260 |
|
|
|a [Košice
|b Lucia Wagnerová ]
|c 2016
|
| 300 |
|
|
|a 210 s.
|b fareb. fotogr.
|c 21 x 21 cm
|
| 500 |
|
|
|a Hrebeňová väzba
|
| 500 |
|
|
|a Vydavateľské údaje podľa ISBN
|
| 504 |
|
|
|a Vysvetlivky
|
| 650 |
0 |
7 |
|a jedlá
|2 SNKPH
|
| 650 |
0 |
7 |
|a zdravá výživa
|2 SNKPH
|9 66259
|
| 650 |
0 |
7 |
|a Meals
|2 SNKPHeng
|9 311382
|
| 650 |
0 |
7 |
|a Healthy eating
|2 SNKPHeng
|9 267865
|
| 655 |
|
7 |
|a kuchárske recepty
|2 SNKPH
|9 70493
|
| 655 |
|
7 |
|a Cookbooks
|2 SNKPHeng
|9 270340
|
| 655 |
|
7 |
|a príručky
|2 SNKPH
|9 74364
|
| 655 |
|
7 |
|a Handbooks, manuals, etc.
|2 SNKPHeng
|9 90964
|
| 852 |
|
|
|a Štátna vedecká knižnica v Banskej Bystrici
|
| 919 |
|
|
|a 978-80-972484-7-5
|
| 999 |
|
|
|c 935613
|d 937543
|
| 952 |
|
|
|a SNK
|b SNK
|y PREZ
|7 0
|p 17A1256214
|o snkSC 162809/3
|i snk2017/7071
|8 0
|0 0
|1 0
|4 0
|d 2017-03-20
|f 1
|l 0
|r 2025-08-26 00:00:00
|w 2026-02-24
|
| 952 |
|
|
|a SNK
|b SNK
|y PREZ
|7 0
|p 17A1256215
|o snkSC 162809/3 D1
|i snk2017/7072
|8 0
|0 0
|1 0
|4 0
|d 2017-03-20
|l 0
|r 2026-02-24 09:02:12
|w 2026-02-24
|